| 000 | 00409nam a22001457a 4500 | ||
|---|---|---|---|
| 005 | 20180530162647.0 | ||
| 020 |
_a8172730179 _c00 |
||
| 035 | _aA-991881, A-991884 | ||
| 037 |
_aDPL _bENG |
||
| 100 | _aRamamurthy, V. | ||
| 245 |
_aAIDS and the human survival / _cby V. Ramamurthy |
||
| 260 |
_aDelhi _bAuthorpress _c2000 |
||
| 300 |
_av, 233p. _c20 cms. |
||
| 942 |
_2ddc _cEN _h362.1969792 _mRAM |
||
| 999 |
_c67387 _d67387 |
||